Catálogo

Teoria del conocimiento / (Registro nro. 20793)

Detalles MARC
000 -LEADER
fixed length control field 01195cam a2200349 i 4500
001 - CONTROL NUMBER
control field 20793
003 - CONTROL NUMBER IDENTIFIER
control field Mx-PuUPA
005 - DATE AND TIME OF LATEST TRANSACTION
control field 20250328112823.0
008 - FIXED-LENGTH DATA ELEMENTS--GENERAL INFORMATION
fixed length control field 140415s2006 ag gr 000 0 spa d
020 ## - INTERNATIONAL STANDARD BOOK NUMBER
International Standard Book Number 9789500394123
040 ## - CATALOGING SOURCE
Transcribing agency Mx-PuUPA
Original cataloging agency Mx-PuUPA
Language of cataloging spa
Modifying agency Mx-PuUPA
Description conventions rda
041 1# - LANGUAGE CODE
Language code of text/sound track or separate title spa
Language code of original eng
100 1# - MAIN ENTRY--PERSONAL NAME
Personal name Hessen, Johannes,
Dates associated with a name 1889-1971
9 (RLIN) 935
Relator term autor
240 10 - UNIFORM TITLE
Uniform title Theorie des wissens.
Language of a work Español
245 10 - TITLE STATEMENT
Title Teoria del conocimiento /
Statement of responsibility, etc. Johannes Hessen ; traducción, José Gaos
250 ## - EDITION STATEMENT
Edition statement Primera edición /
Remainder of edition statement julio
264 #1 - PRODUCTION, PUBLICATION, DISTRIBUTION, MANUFACTURE, AND COPYRIGHT NOTICE
Place of production, publication, distribution, manufacture Buenos Aires, Argentina :
Name of producer, publisher, distributor, manufacturer Editorial Losada,
Date of production, publication, distribution, manufacture, or copyright notice 2006
300 ## - PHYSICAL DESCRIPTION
Extent 117 páginas ;
Dimensions 22 cm
336 ## - CONTENT TYPE
Fuente rdacontent
Content type term texto
Content type code txt
337 ## - MEDIA TYPE
Source rdamedia
Media type term sin medio
Media type code n
338 ## - CARRIER TYPE
Source rdacarrier
Carrier type term volumen
Carrier type code nc
490 0# - SERIES STATEMENT
Series statement Biblioteca de Obras Maestras del Pensamiento ;
Volume/sequential designation 74
650 #7 - SUBJECT ADDED ENTRY--TOPICAL TERM
Source of heading or term armarc
Topical term or geographic name entry element Cognición
650 #7 - SUBJECT ADDED ENTRY--TOPICAL TERM
Source of heading or term armarc
Topical term or geographic name entry element Teoria del conocimiento
650 #7 - SUBJECT ADDED ENTRY--TOPICAL TERM
Source of heading or term armarc
Topical term or geographic name entry element Verdad
650 #7 - SUBJECT ADDED ENTRY--TOPICAL TERM
Source of heading or term armarc
Topical term or geographic name entry element Epistemología de la virtud
700 1# - ADDED ENTRY--PERSONAL NAME
Personal name Gaos, José,
Relator term traductor
765 0# - ORIGINAL LANGUAGE ENTRY
Main entry heading Hessen, Johannes, 1889-1971
Title Theorie des wissens.
942 ## - ADDED ENTRY ELEMENTS (KOHA)
Source of classification or shelving scheme Dewey Decimal Classification
Koha item type Libro
Classification part 121
Item part H5818
Existencias
Withdrawn status Lost status Source of classification or shelving scheme Damaged status Not for loan Home library Current library Shelving location Date acquired Source of acquisition Total Checkouts Full call number Barcode Price effective from Koha item type Collection code Date last seen
    Dewey Decimal Classification     Angelópolis Angelópolis Sala general 28/03/2025     121 H5818 2006 965000000331 28/03/2025 Libro General 28/03/2025
  Extraviado Dewey Decimal Classification     Biblioteca Karol Wojtyla Biblioteca Karol Wojtyla   03/12/2013 Compra   112 HES 40784 03/12/2013 Libro